The Green Quiz Stats

 Plays Quiz Updated Dec 27, 2018

Support Sporcle.
Go Orange.
Score 0/20 Timer 06:00
1 Play Today
Hint Answer % Correct
Wisconsin city home to the PackersGreen Bay
94%
Special building used to grow plants in cold weatherGreenhouse
86.1%
Nickname for someone who has a knack for growing plants easilyGreen Thumb
82%
Tree with needles that don't fall off in winterEvergreen
81.5%
Document issued by the US affording non-citizens some of the rights its citizens enjoyGreen Card
81%
Drink made solely of Camellia leavesGreen Tea
75.1%
Marvel comics supervillain that first appeared in The Amazing Spider-Man #14 Green Goblin
61.4%
Retail store and pharmacyWalgreens
59.2%
Vegetable related to a scallion or leekGreen Onion
56.1%
American gospel and soul music singer who had the hit 'Let's Stay Together'Al Green
44.1%
Hint Answer % Correct
it's abbreviated GMT, for those watching the clockGreenwich Mean Time
42.2%
Slang for a newcomer or recently-arrived immigrantGreenhorn
35.2%
Vermont's nicknameThe Green Mountain State
34.6%
A retail trader in fruits and vegetables, a 'fruiterer'Greengrocer
33.9%
Pittsburgh Steelers Hall of Fame defensive linemanMean Joe Greene
32.5%
2010 action thriller war film with Matt DamonThe Green Zone
31.3%
The alter ego of DC Comics Oliver QueenThe Green Arrow
28.2%
In this Arthurian epic poem, Sir Gawain beheads him The Green Knight
27.5%
English novelist and author of 'The Quiet American'Graham Greene
12.8%
1935 work of nonfiction written by Ernest HemingwayGreen Hills of Africa
6.2%

From the Vault

10 Words, 20 Definitions XV

by DesertSpartan

Make this a defining moment.
Remove Ads.
Support Sporcle.
Get the best of Sporcle when you Go Orange. This ad-free experience offers more features, more stats, and more fun while also helping to support Sporcle. Thank you for becoming a member.

Show Comments

Extras

Top Quizzes Today


Score Distribution

Your Account Isn't Verified!

In order to create a playlist on Sporcle, you need to verify the email address you used during registration. Go to your Sporcle Settings to finish the process.

Report this User

Report this user for behavior that violates our Community Guidelines.

Details: